|
|
|
|
| LEADER |
01254nam a2200313 a 4500 |
| 001 |
42016 |
| 003 |
BD-DhAAL |
| 008 |
240102t1985 nyua b 001 0 eng d |
| 010 |
|
|
|a 84019406
|
| 020 |
|
|
|a 0024016209
|
| 040 |
|
|
|a DLC
|c DLC
|d DLC
|d BD-DhAAL
|
| 050 |
0 |
0 |
|a HG3881
|b .R527 1985
|
| 082 |
0 |
0 |
|a 332.042
|
| 100 |
2 |
|
|a Rivera-Batiz, Francisco L.
|9 55888
|
| 245 |
1 |
0 |
|a International finance and open economy macroeconomics /
|c Francisco L. Rivera-Batiz, Luis Rivera-Batiz.
|
| 260 |
|
|
|a New York :
|b Macmillan ;
|a London :
|b Collier Macmillan,
|c c1985.
|
| 300 |
|
|
|a xx, 581 pages :
|b illustrations ;
|c 24 cm.
|
| 504 |
|
|
|a Includes bibliographical references and index.
|
| 526 |
|
|
|a ESS
|
| 541 |
|
|
|a Complimentary copy from Professor Dr. Nasreen Khundker
|e 42016
|
| 650 |
|
0 |
|a International finance.
|
| 650 |
|
0 |
|a International economic relations.
|
| 650 |
|
0 |
|a Macroeconomics.
|
| 650 |
|
0 |
|a Banks and banking.
|
| 700 |
2 |
|
|a Rivera-Batiz, Luis.
|9 55889
|
| 852 |
|
|
|a Ayesha Abed Library
|c General Stacks
|
| 942 |
|
|
|2 ddc
|c BK
|
| 999 |
|
|
|c 46271
|d 46271
|
| 952 |
|
|
|0 0
|1 0
|2 ddc
|4 0
|6 332_042000000000000_RIV
|7 0
|9 74902
|a BRACUL
|b BRACUL
|c GEN
|d 2024-01-02
|e Complimentary copy from Professor Dr. Nasreen Khundker
|l 0
|o 332.042 RIV
|p 3010042016
|r 2024-01-02
|t 1
|w 2024-01-02
|y BK
|